Centrum chorvátskej kultúry, Jarovce
Gespeichert in:
| 1. Verfasser: | |
|---|---|
| Weitere Verfasser: | |
| Format: | Manuskript Buch |
| Sprache: | Slowakisch |
| Veröffentlicht: |
2025
|
| Schlagworte: | |
| Online-Zugang: | http://is.stuba.sk/zp/portal_zp.pl?podrobnosti=168259 |
| Tags: |
Keine Tags, Fügen Sie das erste Tag hinzu!
|
MARC
| LEADER | 00000ntm a22000003a 4500 | ||
|---|---|---|---|
| 001 | stuzp104642 | ||
| 003 | SK-STU | ||
| 005 | 20250614213235.0 | ||
| 007 | ta | ||
| 008 | 150427s2015----xo-----f-mn---000-0-slo-d | ||
| 040 | |a STU |b slo | ||
| 041 | 0 | |a slo | |
| 100 | 1 | |a Kocianová, Tamara |u 058180 |4 aut |U FAD Fakulta architektúry a dizajnu |T FAD Ústav architektúry občianskych budov |X 115594 |U A8180 |Y 399 |7 115594 | |
| 242 | 0 | 1 | |a Croatian Cultural Center, Jarovce |y eng |
| 245 | 1 | 0 | |a Centrum chorvátskej kultúry, Jarovce |
| 260 | |c 2025 | ||
| 650 | 4 | |a culture |2 eng | |
| 650 | 4 | |a community |2 eng | |
| 650 | 4 | |a architecture |2 eng | |
| 650 | 4 | |a public space |2 eng | |
| 650 | 4 | |a Jarovce |2 eng | |
| 650 | 4 | |a cultural centre |2 eng | |
| 650 | 4 | |a verejný priestor |2 slo | |
| 650 | 4 | |a komunita |2 slo | |
| 650 | 4 | |a kultúra |2 slo | |
| 650 | 4 | |a kultúrne centrum |2 slo | |
| 650 | 4 | |a Jarovce |2 slo | |
| 650 | 4 | |a architektúra |2 slo | |
| 700 | 1 | |a Schleicher, Alexander |u 058180 |k Z1 |4 ths |U FAD Fakulta architektúry a dizajnu |T FAD Ústav architektúry občianskych budov |X 472 |U A8180 |Y 399 |7 A000000472 | |
| 856 | 4 | |u http://is.stuba.sk/zp/portal_zp.pl?podrobnosti=168259 | |